Responses for Show #8198 - Wednesday, April 8, 2020

2020 College Championship quarterfinal game 3.

Contestants

[<< previous game]

Kylie Weaver, a senior at Penn State from McLean, Virginia

Londyn Lorenz, a sophomore at the University of Mississippi from Perryville, Missouri

Alistair Gray, a sophomore at UC San Diego from Sunnyvale, California

[next game >>]

Jeopardy! Round responses

ALL ABOUT APRIL
BEVERAGES
ANAGRAMMED DORM ESSENTIALS
BOOK TITLE ANIMALS
STATE THE STATE
THE DRAKE PASSAGE
    $200 20
Earth Day

Kylie
    $200 15
(Alistair: What is 24-Hour Energy?)

Red Bull

Alistair
Triple Stumper
    $200 30
alarm clock

Londyn
    $200 5
Dog

Londyn
    $200 9
Hawaii

Londyn
    $200 21
"Hotline Bling"

Londyn
    $400 19
a seder

Triple Stumper
    $400 14
Coca-Cola

Londyn
    $400 29
(Londyn: What are flashlights?)

flashlight

Londyn
Triple Stumper
    $400 4
[NOTE: Londyn did not include the second or the third "the".]

"The Lion , the Witch and the Wardrobe"

Londyn
    $400 10
Maine

Londyn
    $400 22
Toronto

Londyn
    $600 18
hot cross buns

Kylie
    $600 8
Nesquik

Kylie
    $600 28
a microwave

Kylie
    $600 3
Bees

Kylie
    $600 11
Wyoming

Alistair
    $600 23
Rihanna

Londyn
    $800 17
(Kylie: What is Madrid?)

Lisbon

LondynKylie
    $800 7
Gatorade

Kylie
    $800 27
tin foil

Alistair
    $800 1
Fish

Alistair
    $1,400 12
(Alistair: What is New Mexico?)

California

Alistair
    $800 24
(Kylie: What is Degrassi?)
(Alex: I need the full title of the series.)
[NOTE: Kylie did not include the "The".]

Degrassi: The Next Generation

Kylie
    $1000 16
a sweet pea

Londyn
    $1000 6
IZZE

Triple Stumper
    $1000 26
toilet paper

Londyn
    $1000 2
Swans

Triple Stumper
    $1000 13
Maryland

Londyn
    $1000 25
"God's Plan"

Londyn

Scores at the first commercial break (after clue 15):

Alistair Londyn Kylie
-$200 $2,600 $2,000

Scores at the end of the Jeopardy! Round:

Alistair Londyn Kylie
$600 $7,400 $3,400

Double Jeopardy! Round responses

ARCHITECTURE
THE SOLAR SYSTEM
THE OLYMPIC GAMES
OLD HISTORY
STRAIGHT C'S
(Alex: Each response will contain a double "C".)
TO THE POWER OF 10
    $400 10
(Alistair: What is a ziggurat?)

a pyramid

AlistairKylie
    $400 30
a comet

Alistair
    $400 16
50 meters

Alistair
    $400 6
a crusade

Londyn
    $400 15
buccaneers

Kylie
    $400 25
hang ten

Kylie
    $800 9
gingerbread

Kylie
    $800 26
Mars

Londyn
    $800 17
Usain Bolt

Kylie
    $800 5
democracy

Londyn
    $800 14
occupation

Alistair
    $800 24
a decahedron

Londyn
    $1200 8
a chateau

Kylie
    $6,200 29
(Alistair [Shoves both hands forward] All in.)
[Laughter]
(Alex: Wait a minute. What was--show me that move again.)
[Alistair repeats the movement]
(Alex: Oh! Jeopardy! James, an influence on our college players.)
...
(Alistair: What is Neptune?)

Jupiter

Alistair
    $3,000 18
Atlanta

Kylie
    $1200 4
a lighthouse

Londyn
    $1200 13
(Londyn: What is ascend?)

accede

AlistairLondyn
    $1200 23
(Kylie: What is Corsica?)

Venice

Kylie
Triple Stumper
    $1600 7
Doric

Kylie
    $1600 28
asteroids

Alistair
    $1600 19
discus

Londyn
    $1600 3
Marc Antony

Londyn
    $1600 11
(Londyn: What is sucrose?)

saccharin

LondynKylie
    $1600 22
Hell's Kitchen

Londyn
    $2000 2
(Kylie: Who is Frank Lloyd Wright?)

Frank Gehry

AlistairKylie
    $2000 27
a trip around the Milky Way

Alistair
    $2000 20
(Alistair: Who is Lindsey Vonn?)

Mikaela Shiffrin

Alistair
Triple Stumper
    $2000 1
Persia

Londyn
    $2000 12
Fibonacci

Londyn
    $2000 21
Jerusalem

Londyn

Scores at the end of the Double Jeopardy! Round:

Alistair Londyn Kylie
$400 $19,400 $10,400

Final Jeopardy! Round responses

AMERICAN AUTHORS
AlistairWho was Dickinson?
$399
KylieWho I ?
$8,400
LondynWho is Harper Lee?
$1,401
Harper Lee

Final scores:

Alistair Londyn Kylie
$1 $20,801 $2,000
3rd place: $5,000 if eliminated Automatic semifinalist 2nd place: $5,000 if eliminated

Game dynamics:

Coryat scores:

Alistair Londyn Kylie
$8,000 $19,400 $8,600
10 R,
5 W
(including 2 DDs)
25 R,
3 W
16 R
(including 1 DD),
3 W

Combined Coryat: $36,000

[game clues] [game scores] [suggest correction]

Game tape date: 2020-02-03
The J! Archive is created by fans, for fans. Scraping, republication, monetization, and malicious use prohibited; this site may use cookies and collect identifying information. See terms. The Jeopardy! game show and all elements thereof, including but not limited to copyright and trademark thereto, are the property of Jeopardy Productions, Inc. and are protected under law. This website is not affiliated with, sponsored by, or operated by Jeopardy Productions, Inc. Join the discussion at JBoard.tv.